[Event "SRB-chT 2nd League"]
[Site "Vrnjacka Banja"]
[Date "2022.11.06"]
[Round "4.1"]
[White "Korponai, Akos"]
[Black "Roganovic, Nebojsa"]
[Result "0-1"]
[WhiteElo "2087"]
[BlackElo "2116"]
[PlyCount "92"]
[EventDate "2022.11.04"]
[EventType "team-tourn"]
[EventRounds "11"]
[EventCountry "SRB"]
[SourceTitle "CBM 211 Extra"]
[Source "ChessBase"]
[SourceDate "2023.01.31"]
[SourceVersion "1"]
[SourceVersionDate "2023.01.31"]
[SourceQuality "1"]
[WhiteTeam "Senta"]
[BlackTeam "Sombor"]
[WhiteTeamCountry "SRB"]
[BlackTeamCountry "SRB"]

1. d4 d5 2. Nf3 Nf6 3. g3 c6 4. Bg2 g6 5. 0-0 Bg7 6. c4 0-0 7. Nbd2 Bg4 8. b3 Bxf3 9. Nxf3 e6 10. Bb2 Nbd7 11. Nd2 Rc8 12. e4 dxe4 13. Nxe4 Nxe4 14. Bxe4 Qa5 15. Qe2 Rfd8 16. Rfd1 Nf6 17. Bg2 Rd7 18. Qf3 Qh5 19. Qf4 Rcd8 20. Bf3 Qf5 21. Qe3 Ng4 22. Qe2 h5 23. Be4 Qa5 24. h3 Nh6 25. Qc2 f5 26. Bc3 Qc7 27. Bf3 Bxd4 28. Bxd4 Rxd4 29. Rxd4 Rxd4 30. Re1 e5 31. c5 e4 32. Be2 Nf7 33. Bc4 Kg7 34. Qc3 Qe5 35. Kg2 Rd7 36. Qe3 Qd4 37. Qe2 Ng5 38. b4 Nf3 39. Rb1 a6 40. a4 Ne5 41. Be6 Re7 42. Ba2 Nd3 43. Rd1 f4 44. Qc2 Qxb4 45. gxf4 Nxf4+ 46. Kh2 Nd3 0-1

[Event "Vojvodina-chT 21st"]
[Site "Backa Palanka"]
[Date "2021.10.23"]
[Round "1.5"]
[White "Kovacevic, Dragisa"]
[Black "Roganovic, Nebojsa"]
[Result "1/2-1/2"]
[WhiteElo "2201"]
[BlackElo "2128"]
[PlyCount "90"]
[EventDate "2021.10.23"]
[EventType "team-tourn"]
[EventRounds "11"]
[EventCountry "SRB"]
[SourceTitle "CBM 204 Extra"]
[Source "ChessBase"]
[SourceDate "2021.11.30"]
[SourceVersion "1"]
[SourceVersionDate "2021.11.30"]
[SourceQuality "1"]
[WhiteTeam "Jazak Car Uros"]
[BlackTeam "Sombor"]
[WhiteTeamCountry "SRB"]
[BlackTeamCountry "SRB"]

1. d4 d5 2. Nf3 Nf6 3. e3 c6 4. Bd3 Bg4 5. Nbd2 Nbd7 6. 0-0 e5 7. dxe5 Nxe5 8. Be2 Nxf3+ 9. Bxf3 Bxf3 10. Qxf3 Be7 11. e4 0-0 12. Rd1 Nxe4 13. Nxe4 dxe4 14. Qe2 Qb6 15. Qxe4 Bc5 16. Qf3 Rad8 17. Rf1 Rd6 18. Rb1 Rf6 19. Qe2 Re6 20. Qf3 Rfe8 21. Bg5 h6 22. Bh4 Qb4 23. Bg3 Re1 24. Rbxe1 Rxe1 25. b3 Qd2 26. Bf4 Rxf1+ 27. Kxf1 Qxc2 28. a4 Qb1+ 29. Ke2 Bb4 30. Qd3 Qxd3+ 31. Kxd3 Bc5 32. f3 b5 33. g4 Kf8 34. h4 Ke7 35. h5 Ke6 36. Ke4 a6 37. Be5 Bf8 38. f4 f5+ 39. gxf5+ Kf7 40. Kd4 Be7 41. Ke4 Bh4 42. Kd4 Bf2+ 43. Kd3 Bh4 44. Kd4 Bf2+ 45. Kd3 Bh4 1/2-1/2

[Event "Vojvodina-chT 2nd League"]
[Site "Backa Palanka"]
[Date "2020.10.21"]
[Round "8.6"]
[White "Kovacevic, Vladimir M"]
[Black "Roganovic, Nebojsa"]
[Result "0-1"]
[WhiteElo "2064"]
[BlackElo "2134"]
[PlyCount "82"]
[EventDate "2020.10.16"]
[EventType "team-tourn"]
[EventRounds "11"]
[EventCountry "SRB"]
[SourceTitle "EXT 2022"]
[Source "ChessBase"]
[SourceDate "2021.10.06"]
[SourceVersion "1"]
[SourceVersionDate "2021.10.06"]
[SourceQuality "1"]
[WhiteTeam "Mladenovo"]
[BlackTeam "Sombor"]
[WhiteTeamCountry "SRB"]
[BlackTeamCountry "SRB"]

1. e4 d5 2. exd5 Nf6 3. c4 c6 4. dxc6 Nxc6 5. Nf3 e5 6. d3 e4 7. dxe4 Qxd1+ 8. Kxd1 Nxe4 9. Be3 Bf5 10. a3 0-0-0+ 11. Ke1 Bc5 12. Nbd2 Nxd2 13. Bxd2 Rhe8+ 14. Be3 Nb4 15. Rd1 Nc2+ 16. Ke2 Rxd1 17. Kxd1 Rd8+ 18. Bd2 Bxf2 19. Kc1 Ne3 20. g3 Be4 21. Be2 Bxf3 22. Bxf3 Nxc4 23. Bg4+ Kc7 24. Bf4+ Kb6 25. Kb1 Be3 26. Bxe3+ Nxe3 27. Bh5 g6 28. Re1 Re8 29. Bf3 f5 30. h4 h6 31. b3 Re7 32. Re2 g5 33. Rd2 g4 34. Bh1 Nf1 35. Rd6+ Kc7 36. Rxh6 Nxg3 37. Bd5 Ne2 38. Bc4 g3 39. Rg6 f4 40. h5 f3 41. Kc2 g2 0-1

[Event "Vojvodina-chT"]
[Site "Kovacica"]
[Date "2019.11.03"]
[Round "3.6"]
[White "Roganovic, Nebojsa"]
[Black "Babic, Damir M"]
[Result "1/2-1/2"]
[WhiteElo "2135"]
[BlackElo "2103"]
[PlyCount "44"]
[EventDate "2019.11.01"]
[EventType "team-tourn"]
[EventRounds "11"]
[EventCountry "SRB"]
[SourceTitle "CBM 192 Extra"]
[Source "Chessbase"]
[SourceDate "2019.11.06"]
[SourceVersion "1"]
[SourceVersionDate "2019.11.06"]
[SourceQuality "1"]
[WhiteTeam "Sombor"]
[BlackTeam "Rastina Polet"]
[WhiteTeamCountry "SRB"]
[BlackTeamCountry "SRB"]

1. e4 e5 2. Nf3 Nc6 3. Bc4 Bc5 4. d3 Nf6 5. Bb3 d6 6. c3 Ne7 7. 0-0 Ng6 8. d4 Bb6 9. dxe5 Nxe5 10. Nxe5 dxe5 11. Qxd8+ Kxd8 12. Nd2 Ke7 13. Nc4 Be6 14. Bg5 Bxc4 15. Bxc4 h6 16. Bh4 Rhe8 17. Rfe1 g5 18. Bg3 Kf8 19. Rad1 Rad8 20. Bd3 Nh5 21. Be2 Nxg3 22. hxg3 c6 1/2-1/2

[Event "Vojvodina-chT"]
[Site "Kovacica"]
[Date "2019.11.02"]
[Round "2.6"]
[White "Kecskemeti, Arpad"]
[Black "Roganovic, Nebojsa"]
[Result "1/2-1/2"]
[WhiteElo "2240"]
[BlackElo "2135"]
[PlyCount "20"]
[EventDate "2019.11.01"]
[EventType "team-tourn"]
[EventRounds "11"]
[EventCountry "SRB"]
[SourceTitle "CBM 192 Extra"]
[Source "Chessbase"]
[SourceDate "2019.11.06"]
[SourceVersion "1"]
[SourceVersionDate "2019.11.06"]
[SourceQuality "1"]
[WhiteTeam "Backa Pacir"]
[BlackTeam "Sombor"]
[WhiteTeamCountry "SRB"]
[BlackTeamCountry "SRB"]

1. e4 d5 2. exd5 Nf6 3. d4 Nxd5 4. c4 Nb6 5. Nc3 g6 6. c5 Nd5 7. Bc4 c6 8. Qb3 e6 9. Ne4 Be7 10. h4 Nf6 1/2-1/2

[Event "Vojvodina-chT 2nd League"]
[Site "Novi Sad"]
[Date "2018.11.10"]
[Round "2.6"]
[White "Nagy, Attila"]
[Black "Roganovic, Nebojsa"]
[Result "1/2-1/2"]
[WhiteElo "2241"]
[BlackElo "2141"]
[PlyCount "72"]
[EventDate "2018.11.09"]
[EventType "team-tourn"]
[EventRounds "11"]
[EventCountry "SRB"]
[SourceTitle "CBM 187 Extra"]
[Source "ChessBase"]
[SourceDate "2018.11.04"]
[SourceVersion "1"]
[SourceVersionDate "2018.11.04"]
[SourceQuality "1"]
[WhiteTeam "Senta"]
[BlackTeam "Sombor"]
[WhiteTeamCountry "SRB"]
[BlackTeamCountry "SRB"]

1. d4 d5 2. Nf3 Nf6 3. c4 e6 4. Nc3 a6 5. cxd5 exd5 6. Bg5 c6 7. Qc2 Nbd7 8. e3 Be7 9. Bd3 0-0 10. 0-0 Re8 11. Rab1 Nf8 12. b4 Ng6 13. a4 Bd6 14. e4 dxe4 15. Nxe4 Be7 16. Ng3 Bg4 17. Nf5 Bxf3 18. gxf3 Nd5 19. Nxe7+ Ndxe7 20. b5 axb5 21. axb5 Qxd4 22. bxc6 Nxc6 23. Be4 Qe5 24. Be3 Qf6 25. Rxb7 Ra6 26. Qb3 Nce5 27. Rb8 Rxb8 28. Qxb8+ Nf8 29. f4 Neg6 30. Rc1 Ra1 31. Rxa1 Qxa1+ 32. Kg2 Qf6 33. Kf1 Qa1+ 34. Kg2 Qf6 35. Kf1 Qa1+ 36. Kg2 Qf6 1/2-1/2

[Event "Vojvodina-chT 2nd League"]
[Site "Novi Sad"]
[Date "2018.11.09"]
[Round "1.6"]
[White "Roganovic, Nebojsa"]
[Black "Besedes, Danilo"]
[Result "1/2-1/2"]
[WhiteElo "2141"]
[BlackElo "2290"]
[PlyCount "231"]
[EventDate "2018.11.09"]
[EventType "team-tourn"]
[EventRounds "11"]
[EventCountry "SRB"]
[SourceTitle "CBM 187 Extra"]
[Source "ChessBase"]
[SourceDate "2018.11.04"]
[SourceVersion "1"]
[SourceVersionDate "2018.11.04"]
[SourceQuality "1"]
[WhiteTeam "Sombor"]
[BlackTeam "Elemir Naftagas"]
[WhiteTeamCountry "SRB"]
[BlackTeamCountry "SRB"]

1. e4 c6 2. d4 d5 3. exd5 cxd5 4. Nf3 Nc6 5. c3 Qc7 6. Bg5 Bf5 7. Nbd2 e6 8. Qa4 Be7 9. Bxe7 Ngxe7 10. Ne5 0-0 11. Nxc6 bxc6 12. Be2 e5 13. 0-0 exd4 14. cxd4 Rfb8 15. Qa3 a5 16. Qc3 Qb6 17. b3 Qb4 18. Rac1 Qxc3 19. Rxc3 Rb4 20. Nf3 f6 21. a3 Rb7 22. Rfc1 g5 23. Nd2 Kf7 24. g4 Bd7 25. h3 Ng6 26. Bf3 Nf4 27. Kh2 Re8 28. Re3 Ne6 29. Rd3 Re7 30. Re1 Kf8 31. Bd1 Be8 32. Nf3 Nf4 33. Rde3 h5 34. Bc2 h4 35. Ng1 Rxe3 36. fxe3 Bg6 37. Bxg6 Nxg6 38. Rb1 Re7 39. Re1 Nf4 40. Nf3 Nd3 41. Re2 Kg7 42. Kg1 Nc1 43. Re1 Nxb3 44. a4 c5 45. dxc5 Nxc5 46. Nd4 Kf7 47. Nf5 Rd7 48. Rb1 Ke6 49. Rb5 Nxa4 50. Rxa5 Nc3 51. Kf2 Ne4+ 52. Kg2 Rb7 53. Nd4+ Kd6 54. Ra6+ Kd7 55. Ra5 Rb2+ 56. Kg1 Kd6 57. Ra6+ Kd7 58. Ra7+ Ke8 59. Ra8+ Kd7 60. Ra7+ Kc8 61. Ra8+ Kb7 62. Ra5 Nc3 63. Rc5 Ne2+ 64. Nxe2 Rxe2 65. Rxd5 Rxe3 66. Kg2 Kc6 67. Rd8 Re2+ 68. Kg1 Re6 69. Kg2 Rd6 70. Re8 Rd2+ 71. Kg1 Kd7 72. Re3 Rd5 73. Kf2 Kd6 74. Re8 Kd7 75. Re3 Re5 76. Ra3 Rc5 77. Re3 Kd6 78. Rd3+ Rd5 79. Rf3 Ke6 80. Re3+ Re5 81. Ra3 Rc5 82. Re3+ Kd5 83. Rd3+ Ke6 84. Re3+ Kf7 85. Ra3 Rc2+ 86. Kg1 Rd2 87. Ra6 Ke7 88. Ra3 Ke6 89. Re3+ Kd6 90. Re8 Rd4 91. Kg2 Kd5 92. Rd8+ Ke5 93. Re8+ Kd5 94. Rd8+ Ke4 95. Re8+ Kf4 96. Re2 Rd6 97. Rf2+ Ke3 98. Rf3+ Ke4 99. Rf5 Rd2+ 100. Kg1 Rd3 101. Kg2 Rg3+ 102. Kh2 Rf3 103. Ra5 Rf2+ 104. Kg1 Rd2 105. Rf5 Rd6 106. Kg2 Ke3 107. Rf3+ Ke4 108. Rf5 Rc6 109. Rf2 Rd6 110. Rf5 Rb6 111. Rf2 Ra6 112. Re2+ Kd3 113. Rf2 Re6 114. Rf3+ Kd2 115. Rf5 Re2+ 116. Kg1 1/2-1/2

[Event "Vojvodina-chT"]
[Site "Kac"]
[Date "2016.11.18"]
[Round "5.5"]
[White "Miracola, Giorgia"]
[Black "Roganovic, Nebojsa"]
[Result "1-0"]
[WhiteElo "1894"]
[BlackElo "2180"]
[PlyCount "75"]
[EventDate "2016.11.15"]
[EventType "team-tourn"]
[EventRounds "11"]
[EventCountry "SRB"]
[SourceTitle "CBM 175 Extra"]
[Source "ChessBase"]
[SourceDate "2016.12.12"]
[SourceVersion "1"]
[SourceVersionDate "2016.12.12"]
[SourceQuality "1"]
[WhiteTeam "Bora Ivkov"]
[BlackTeam "Sombor"]
[WhiteTeamCountry "SRB"]
[BlackTeamCountry "SRB"]

1. e4 d5 2. exd5 Nf6 3. Bb5+ Bd7 4. Bxd7+ Qxd7 5. Nf3 Nxd5 6. 0-0 Nc6 7. d4 e6 8. c3 Be7 9. Nbd2 0-0-0 10. Nc4 Bf6 11. Qc2 h6 12. Rd1 g5 13. b4 g4 14. Ne1 Nxc3 15. Qxc3 Nxd4 16. Kf1 Qb5 17. a4 Qh5 18. Bf4 e5 19. Bg3 Qf5 20. Rac1 c6 21. b5 Qe6 22. Na5 Rd6 23. Nd3 b6 24. Nc4 Rd5 25. bxc6 Rhd8 26. a5 b5 27. Ne3 R5d6 28. Qc5 Rxc6 29. Qxa7 Rdd6 30. Nc5 Qa2 31. Qa8+ Kc7 32. Na6+ Kd7 33. Nb8+ Ke6 34. Nxc6 Qe2+ 35. Kg1 Bg5 36. Nxd4+ exd4 37. Qe4+ Kd7 38. Rxd4 1-0

[Event "Vojvodina-chT"]
[Site "Kac"]
[Date "2014.11.09"]
[Round "3.2"]
[White "Roganovic, Nebojsa"]
[Black "Curakovic, Dragan"]
[Result "1-0"]
[WhiteElo "2197"]
[BlackElo "2140"]
[PlyCount "135"]
[EventDate "2014.11.08"]
[EventType "team-tourn"]
[EventRounds "11"]
[EventCountry "SRB"]
[SourceTitle "EXT 2017"]
[Source "ChessBase"]
[SourceDate "2016.10.25"]
[SourceVersion "1"]
[SourceVersionDate "2016.10.25"]
[SourceQuality "1"]

1. e4 c5 2. Nf3 Nc6 3. d4 cxd4 4. Nxd4 d6 5. Nc3 Nf6 6. Be2 e5 7. Nb3 h6 8. Be3 Be6 9. 0-0 Be7 10. f3 0-0 11. Qd2 d5 12. exd5 Nxd5 13. Nxd5 Qxd5 14. Rfd1 Qxd2 15. Rxd2 Rfd8 16. c3 Bxb3 17. Rxd8+ Rxd8 18. axb3 a6 19. b4 Bg5 20. Kf2 Bxe3+ 21. Kxe3 Ne7 22. Bc4 Kf8 23. Ra5 f6 24. Bb3 Nf5+ 25. Ke2 Nd6 26. Rc5 Rc8 27. Bd5 Re8 28. Rc7 Re7 29. Rxe7 Kxe7 30. c4 b6 31. c5 bxc5 32. bxc5 Nb5 33. Kd3 Nc7 34. Kc4 Kd7 35. g4 Ke7 36. b4 g6 37. Be4 g5 38. Bb7 Kd7 39. Kd3 Ke7 40. Ke4 Ke6 41. Bc8+ Ke7 42. Bb7 Ke6 43. h3 Ke7 44. Bd5 Kd7 45. Bc4 Kc6 46. Kf5 a5 47. bxa5 Kxc5 48. Be2 Nd5 49. a6 Kb6 50. Bd3 Ka7 51. Be4 Nf4 52. Bb7 Nxh3 53. Kxf6 Nf4 54. Kxe5 h5 55. gxh5 Nxh5 56. Kf5 Ng7+ 57. Kxg5 Ne6+ 58. Kf6 Nf4 59. Kf5 Ne2 60. f4 Kb6 61. Ke5 Ng3 62. f5 Nh5 63. f6 Nxf6 64. Kxf6 Ka7 65. Ke5 Kb6 66. Kd6 Ka7 67. Kc5 Kb8 68. Bg2 1-0

[Event "Vojvodina-chT 2nd League"]
[Site "Stari Banovci"]
[Date "2013.11.10"]
[Round "10"]
[White "Roganovic, Nebojsa"]
[Black "Gavric, Zivojin"]
[Result "1/2-1/2"]
[WhiteElo "2222"]
[BlackElo "2124"]
[PlyCount "153"]
[EventDate "2013.11.03"]
[EventType "team-tourn"]
[EventRounds "11"]
[EventCountry "SRB"]
[SourceTitle "EXT 2015"]
[Source "ChessBase"]
[SourceDate "2014.11.20"]
[SourceVersion "1"]
[SourceVersionDate "2014.11.20"]
[SourceQuality "1"]

1. e4 c6 2. d4 d5 3. Nc3 dxe4 4. Nxe4 Nf6 5. Nxf6+ exf6 6. Bc4 Bd6 7. Qe2+ Qe7 8. Qxe7+ Kxe7 9. Ne2 Be6 10. Bd3 Nd7 11. Bf4 Nb6 12. a3 Rhd8 13. Bg3 Bc4 14. 0-0-0 Kf8 15. Bxc4 Nxc4 16. Nc3 f5 17. Bxd6+ Nxd6 18. d5 c5 19. Rhe1 b5 20. b3 Rab8 21. f3 a5 22. Kd2 b4 23. axb4 axb4 24. Na4 c4 25. Ke3 Rb5 26. Rd4 c3 27. Kf4 f6 28. h4 g6 29. g4 fxg4 30. fxg4 Kf7 31. Kg3 h5 32. Red1 Re8 33. Kf3 hxg4+ 34. Rxg4 f5 35. Rf4 Kf6 36. Rdd4 Ne4 37. Rdxe4 Rxe4 38. Rxe4 fxe4+ 39. Kxe4 Ke7 40. Ke5 Kd7 41. Kd4 Kd6 42. Kc4 Rb8 43. Kd4 Rh8 44. Nc5 Rxh4+ 45. Ne4+ Rxe4+ 46. Kxe4 g5 47. Kd4 g4 48. Ke4 Kc5 49. Ke5 g3 50. d6 g2 51. d7 g1Q 52. d8Q Qe3+ 53. Kf5 Qf3+ 54. Kg5 Qg2+ 55. Kf6 Qf2+ 56. Ke6 Qe2+ 57. Kf6 Qxc2 58. Qe7+ Kd4 59. Qxb4+ Kd3 60. Qd6+ Ke3 61. Qc5+ Kd2 62. Qg5+ Kd3 63. Qb5+ Kd4 64. Qc4+ Ke3 65. Qc5+ Kf3 66. Qh5+ Kg2 67. Qg4+ Kf2 68. Qd4+ Ke1 69. Qg1+ Kd2 70. Qg5+ Kd3 71. Qf5+ Kd2 72. Qf4+ Ke1 73. Qe3+ Kf1 74. Qh3+ Ke1 75. Qe3+ Kd1 76. Qg1+ Kd2 77. Qg5+ 1/2-1/2

[Event "Vojvodina-chT 2nd League"]
[Site "Stari Banovci"]
[Date "2013.11.04"]
[Round "1"]
[White "Roganovic, Nebojsa"]
[Black "Orlov, Konstantin N"]
[Result "1/2-1/2"]
[WhiteElo "2222"]
[BlackElo "2236"]
[PlyCount "94"]
[EventDate "2013.11.03"]
[EventType "team-tourn"]
[EventRounds "11"]
[EventCountry "SRB"]
[SourceTitle "EXT 2015"]
[Source "ChessBase"]
[SourceDate "2014.11.20"]
[SourceVersion "1"]
[SourceVersionDate "2014.11.20"]
[SourceQuality "1"]

1. e4 c5 2. Nf3 d6 3. Bb5+ Bd7 4. Bxd7+ Qxd7 5. c4 g6 6. Nc3 Bg7 7. d4 cxd4 8. Nxd4 Nc6 9. Be3 Nf6 10. f3 0-0 11. 0-0 Nh5 12. Rc1 Rac8 13. Nxc6 bxc6 14. Qa4 Rc7 15. Rfd1 Be5 16. Rc2 f5 17. c5 fxe4 18. cxd6 exd6 19. Nxe4 Nf4 20. Rcd2 d5 21. Nc5 Qe7 22. Bf2 Bd6 23. Qc2 Qg5 24. Bg3 Re7 25. Nd3 Nxd3 26. Rxd3 Bxg3 27. hxg3 Re6 28. Kf2 Rfe8 29. R1d2 Qe5 30. Qd1 Qd6 31. Rc2 Qb4 32. Qd2 Qb6+ 33. Kf1 Re5 34. g4 Qb5 35. Kf2 a5 36. Qc3 R5e6 37. Rdd2 Qb6+ 38. Kg3 Qc7+ 39. Kh3 g5 40. g3 Qf7 41. Kg2 Qa7 42. Rf2 h6 43. Qd3 Qb6 44. Rfe2 Rxe2+ 45. Rxe2 Rxe2+ 46. Qxe2 Kf7 47. Qc2 Qe3 1/2-1/2

[Event "SRB-chT2 Vojvodina League"]
[Site "Kac"]
[Date "2012.10.14"]
[Round "1"]
[White "Besedes, Danilo"]
[Black "Roganovic, Nebojsa"]
[Result "1/2-1/2"]
[WhiteElo "1845"]
[BlackElo "2204"]
[PlyCount "96"]
[EventDate "2012.10.14"]
[EventType "team-swiss"]
[EventRounds "11"]
[EventCountry "SRB"]
[SourceTitle "EXT 2015"]
[Source "ChessBase"]
[SourceDate "2014.11.20"]
[SourceVersion "1"]
[SourceVersionDate "2014.11.20"]
[SourceQuality "1"]

1. d4 d5 2. c4 c6 3. Nf3 Nf6 4. Nc3 g6 5. Bf4 Bg7 6. h3 0-0 7. e3 Nbd7 8. Be2 e6 9. 0-0 Re8 10. Rc1 Nh5 11. Bh2 f5 12. b4 a6 13. a4 Nhf6 14. Ne5 Nxe5 15. Bxe5 Bd7 16. a5 dxc4 17. Bxc4 Qe7 18. Qb3 Bf8 19. Bxf6 Qxf6 20. Na4 Rad8 21. Nc5 Bc8 22. Rcd1 Kh8 23. Nd3 Bd6 24. Qb2 g5 25. e4 fxe4 26. Ne5 Qf8 27. d5 Bxe5 28. Qxe5+ Qg7 29. Qxg7+ Kxg7 30. dxc6 bxc6 31. Rfe1 e3 32. fxe3 Kf6 33. Kf2 Ke7 34. Ke2 Rf8 35. Rd4 Rxd4 36. exd4 Rf4 37. Ke3 Kd6 38. g3 Rf5 39. Rf1 h6 40. Bd3 Rxf1 41. Bxf1 e5 42. dxe5+ Kxe5 43. Bg2 Bb7 44. Be4 Ba8 45. Bd3 Bb7 46. Bc4 Bc8 47. h4 gxh4 48. gxh4 Bb7 1/2-1/2

[Event "Vojvodina-chT2"]
[Site "Vrbas"]
[Date "2011.10.01"]
[Round "10"]
[White "Roganovic, Nebojsa"]
[Black "Zivkovic, Negosim"]
[Result "1-0"]
[WhiteElo "2194"]
[BlackElo "2248"]
[PlyCount "45"]
[EventDate "2011.09.25"]
[EventType "team-tourn"]
[EventRounds "11"]
[EventCountry "SRB"]
[SourceTitle "CBM 144 Extra"]
[Source "ChessBase"]
[SourceDate "2011.10.28"]
[SourceVersion "1"]
[SourceVersionDate "2011.10.28"]
[SourceQuality "1"]

1. e4 c5 2. Nf3 d6 3. Bb5+ Bd7 4. Bxd7+ Qxd7 5. c4 g6 6. d4 cxd4 7. Nxd4 Bg7 8. Nc3 Nc6 9. Be3 Nf6 10. f3 0-0 11. 0-0 a6 12. b3 Rab8 13. a4 Nxd4 14. Bxd4 Nh5 15. Bxg7 Nxg7 16. f4 Rfd8 17. Qf3 e6 18. Kh1 Qc6 19. g4 h5 20. gxh5 Nxh5 21. f5 exf5 22. Nd5 f4 23. Ne7+ 1-0

[Event "Vojvodina-chT2"]
[Site "Vrbas"]
[Date "2011.09.28"]
[Round "5"]
[White "Gavric, Zivojin"]
[Black "Roganovic, Nebojsa"]
[Result "1/2-1/2"]
[WhiteElo "2099"]
[BlackElo "2194"]
[PlyCount "95"]
[EventDate "2011.09.25"]
[EventType "team-tourn"]
[EventRounds "11"]
[EventCountry "SRB"]
[SourceTitle "CBM 144 Extra"]
[Source "ChessBase"]
[SourceDate "2011.10.28"]
[SourceVersion "1"]
[SourceVersionDate "2011.10.28"]
[SourceQuality "1"]

1. Nc3 d5 2. d4 Nf6 3. Bg5 Bf5 4. Bxf6 exf6 5. e3 c6 6. Bd3 Bxd3 7. Qxd3 Bd6 8. Nf3 Nd7 9. 0-0 0-0 10. e4 Nb6 11. exd5 cxd5 12. Nd1 Rc8 13. c3 Re8 14. Ne3 Bf4 15. Rfe1 Qd7 16. g3 Bxe3 17. Rxe3 Rxe3 18. Qxe3 Nc4 19. Qe2 Re8 20. Qc2 Qg4 21. Kg2 Re3 22. Ng1 Re8 23. Nf3 Re3 24. Ng1 Qe4+ 25. Qxe4 Rxe4 26. f3 Re6 27. b3 Nd6 28. Kf2 Nb5 29. Ne2 Rc6 30. Rc1 g5 31. Ke3 Nd6 32. Kd3 b5 33. Ra1 f5 34. a4 a6 35. axb5 axb5 36. h4 h6 37. Ra5 Kg7 38. hxg5 hxg5 39. Nc1 Kf6 40. Na2 Ke6 41. Nb4 Rc8 42. Na6 g4 43. Nc5+ Ke7 44. Ra7+ Kf8 45. Rd7 Rc6 46. fxg4 fxg4 47. Rd8+ Kg7 48. Rb8 1/2-1/2

[Event "Vojvodina-chT2"]
[Site "Vrbas"]
[Date "2011.09.27"]
[Round "4"]
[White "Roganovic, Nebojsa"]
[Black "Bogic, Stevan"]
[Result "1/2-1/2"]
[WhiteElo "2194"]
[BlackElo "2202"]
[PlyCount "55"]
[EventDate "2011.09.25"]
[EventType "team-tourn"]
[EventRounds "11"]
[EventCountry "SRB"]
[SourceTitle "CBM 144 Extra"]
[Source "ChessBase"]
[SourceDate "2011.10.28"]
[SourceVersion "1"]
[SourceVersionDate "2011.10.28"]
[SourceQuality "1"]

1. e4 c5 2. Nf3 d6 3. Bb5+ Bd7 4. Bxd7+ Qxd7 5. c4 Nc6 6. d4 cxd4 7. Nxd4 Nf6 8. Nc3 g6 9. f3 Bg7 10. Be3 0-0 11. 0-0 Rfc8 12. b3 Nxd4 13. Bxd4 Ne8 14. Bxg7 Nxg7 15. Nd5 Ne8 16. Qd4 Nc7 17. Ne3 b5 18. Ng4 f6 19. e5 Ne6 20. Qd5 f5 21. Nf2 Rab8 22. Nd3 bxc4 23. bxc4 Kh8 24. Rfe1 Nc7 25. Qd4 Ne6 26. Qd5 Nc7 27. Qd4 Ne6 28. Qd5 1/2-1/2

[Event "Vojvodina-chT2"]
[Site "Vrbas"]
[Date "2011.09.25"]
[Round "1"]
[White "Roganovic, Nebojsa"]
[Black "Jovic, Stevan"]
[Result "1-0"]
[WhiteElo "2194"]
[BlackElo "2292"]
[PlyCount "129"]
[EventDate "2011.09.25"]
[EventType "team-tourn"]
[EventRounds "11"]
[EventCountry "SRB"]
[SourceTitle "CBM 144 Extra"]
[Source "ChessBase"]
[SourceDate "2011.10.28"]
[SourceVersion "1"]
[SourceVersionDate "2011.10.28"]
[SourceQuality "1"]

1. e4 c6 2. d4 d5 3. exd5 cxd5 4. Nf3 Nf6 5. c3 Nc6 6. Bf4 Bf5 7. Nbd2 g6 8. Ne5 Nxe5 9. Bxe5 Bg7 10. Qb3 0-0 11. Be2 Ne4 12. Nxe4 Bxe4 13. Bxg7 Kxg7 14. 0-0 Rb8 15. a4 Qd6 16. Rfe1 Rfd8 17. Bf1 Qf6 18. Re3 Rd6 19. Rae1 Rb6 20. Qa2 Bf5 21. a5 Rd6 22. Rxe7 Be6 23. Rc7 Bd7 24. Qb3 Bc6 25. Rce7 Qf4 26. g3 Qf5 27. Qd1 Rf6 28. Qd2 a6 29. Bd3 Qc8 30. Qe3 Bd7 31. Qe5 Be6 32. Re3 Qd8 33. Rf3 Qxe7 34. Rxf6 Qxf6 35. Qxb8 Qe7 36. Bf1 f6 37. Qf4 Bf5 38. Qe3 Qc7 39. b4 Kf7 40. Bg2 Qc4 41. h4 Be6 42. Bf3 Qb3 43. g4 Qc2 44. g5 Qb1+ 45. Kh2 Qc2 46. Bg2 Qd1 47. Qf3 Qxf3 48. Bxf3 f5 49. Kg3 Ke7 50. Kf4 Kd6 51. Be2 Bf7 52. Ke3 Be8 53. c4 Bc6 54. b5 axb5 55. cxb5 Bd7 56. Kd2 Kc7 57. b6+ Kc6 58. Kc3 Bc8 59. Kb4 Kd6 60. f4 Kc6 61. Bb5+ Kd6 62. Ba4 Be6 63. a6 bxa6 64. Ka5 Bc8 65. Bd1 1-0